<?xml version="1.0" encoding="UTF-8"?>
<record
    xmlns:xsi="http://www.w3.org/2001/XMLSchema-instance"
    xsi:schemaLocation="http://www.loc.gov/MARC21/slim http://www.loc.gov/standards/marcxml/schema/MARC21slim.xsd"
    xmlns="http://www.loc.gov/MARC21/slim">

  <leader>01402na  a2200361   4500</leader>
  <controlfield tag="001">21004</controlfield>
  <controlfield tag="003">MIRAKIL</controlfield>
  <controlfield tag="005">20181213155111.0</controlfield>
  <controlfield tag="008">170130b        tu            000 0      </controlfield>
  <datafield tag="035" ind1=" " ind2=" ">
    <subfield code="a">21004</subfield>
  </datafield>
  <datafield tag="040" ind1=" " ind2=" ">
    <subfield code="a">Milas</subfield>
    <subfield code="b">tur</subfield>
    <subfield code="c">TR-AnCHP</subfield>
  </datafield>
  <datafield tag="041" ind1=" " ind2=" ">
    <subfield code="a">eng</subfield>
  </datafield>
  <datafield tag="082" ind1=" " ind2=" ">
    <subfield code="a">CHP 347.04</subfield>
    <subfield code="b">S63 2012</subfield>
  </datafield>
  <datafield tag="090" ind1=" " ind2=" ">
    <subfield code="a">CHP 347.04 S63 2012</subfield>
  </datafield>
  <datafield tag="245" ind1=" " ind2=" ">
    <subfield code="a">Special authorised courts</subfield>
    <subfield code="b">District high criminal courts</subfield>
    <subfield code="b">What has changed &amp; what has not?</subfield>
    <subfield code="c">[prepared by] Umut Oran</subfield>
  </datafield>
  <datafield tag="246" ind1=" " ind2=" ">
    <subfield code="a">Ne de&#x11F;i&#x15F;ti, ne de&#x11F;i&#x15F;medi?</subfield>
  </datafield>
  <datafield tag="246" ind1=" " ind2=" ">
    <subfield code="a">B&#xF6;lge A&#x11F;&#x131;r Ceza Mahkemeleri</subfield>
  </datafield>
  <datafield tag="246" ind1=" " ind2=" ">
    <subfield code="a">&#xD6;zel yetkili mahkemeler</subfield>
  </datafield>
  <datafield tag="260" ind1=" " ind2=" ">
    <subfield code="a">Ankara</subfield>
    <subfield code="b">CHP</subfield>
    <subfield code="c">2012</subfield>
  </datafield>
  <datafield tag="300" ind1=" " ind2=" ">
    <subfield code="a">13 s.</subfield>
    <subfield code="b">rnk. res.</subfield>
    <subfield code="c">21 sm.</subfield>
  </datafield>
  <datafield tag="440" ind1=" " ind2=" ">
    <subfield code="a">Cumhuriyet Halk Partisi yay&#x131;nlar&#x131;</subfield>
    <subfield code="v">Raporlar</subfield>
  </datafield>
  <datafield tag="505" ind1=" " ind2=" ">
    <subfield code="a">&#xD6;ze etkili mahkemeler nedir? - &#xD6;YMlere ili&#x15F;kin veriler - Teme de&#x11F;erlendirme - &#xF6;zel Yetkili Mahkemelerde g&#xF6;r&#xFC;len ortak kanun ihlalleri - Tabela de&#x11F;i&#x15F;ti, &#xD6;YM kald&#x131;! 7 soruda &#xD6;YM de&#x11F;i&#x15F;ikli&#x11F;i</subfield>
  </datafield>
  <datafield tag="650" ind1=" " ind2=" ">
    <subfield code="a">Mahkemeler</subfield>
    <subfield code="z">T&#xFC;rkiye</subfield>
  </datafield>
  <datafield tag="650" ind1=" " ind2=" ">
    <subfield code="a">&#xD6;zel yetkili mahkemeler (&#xD6;YM)</subfield>
    <subfield code="z">T&#xFC;rkiye</subfield>
  </datafield>
  <datafield tag="650" ind1=" " ind2=" ">
    <subfield code="a">Ceza hukuku</subfield>
    <subfield code="z">T&#xFC;rkiye</subfield>
  </datafield>
  <datafield tag="700" ind1=" " ind2=" ">
    <subfield code="a">Oran, Umut</subfield>
  </datafield>
  <datafield tag="740" ind1=" " ind2=" ">
    <subfield code="a">&#xD6;zel Yetkili Mahkemelerde g&#xF6;r&#xFC;len ortak kanun ihlalleri</subfield>
  </datafield>
  <datafield tag="740" ind1=" " ind2=" ">
    <subfield code="a">&#xD6;ze etkili mahkemeler nedir? </subfield>
  </datafield>
  <datafield tag="740" ind1=" " ind2=" ">
    <subfield code="a">Tabela de&#x11F;i&#x15F;ti, &#xD6;YM kald&#x131;! 7 soruda &#xD6;YM de&#x11F;i&#x15F;ikli&#x11F;i</subfield>
  </datafield>
  <datafield tag="830" ind1=" " ind2=" ">
    <subfield code="a">CHP raporlar&#x131;</subfield>
    <subfield code="l">&#x130;ngilizce</subfield>
  </datafield>
  <datafield tag="942" ind1=" " ind2=" ">
    <subfield code="2">ddc</subfield>
    <subfield code="c">BKS</subfield>
  </datafield>
  <datafield tag="952" ind1=" " ind2=" ">
    <subfield code="a">0001</subfield>
    <subfield code="b">0001</subfield>
    <subfield code="d">2017-01-30</subfield>
    <subfield code="e">2</subfield>
    <subfield code="l">0</subfield>
    <subfield code="o">CHP 347.04 S63 2012</subfield>
    <subfield code="p">013233</subfield>
    <subfield code="r">2017-01-30 00:00:00</subfield>
    <subfield code="v">0.00</subfield>
    <subfield code="w">2017-01-30</subfield>
    <subfield code="y">BKS</subfield>
  </datafield>
  <datafield tag="999" ind1=" " ind2=" ">
    <subfield code="c">6562</subfield>
    <subfield code="d">6562</subfield>
  </datafield>
</record>
